Oracle performance tuning 101; learn the essentials of oracle performance management (Record no. 184468)
[ view plain ]
| 000 -LEADER | |
|---|---|
| fixed length control field | 00557nam a2200157Ia 4500 |
| 005 - DATE AND TIME OF LATEST TRANSACTION | |
| control field | 20250131120049.0 |
| 008 - FIXED-LENGTH DATA ELEMENTS--GENERAL INFORMATION | |
| fixed length control field | 231217s9999 xx 000 0 und d |
| 020 ## - INTERNATIONAL STANDARD BOOK NUMBER | |
| International Standard Book Number | 9780070472419 |
| 082 ## - DEWEY DECIMAL CLASSIFICATION NUMBER | |
| Classification number | 001.6424ORA VAI;1 |
| 100 ## - MAIN ENTRY--PERSONAL NAME | |
| Personal name | Vaidyanatha, Gajakrishna. Deshpande, Kirtikumar. Kostelac, John. |
| 245 #0 - TITLE STATEMENT | |
| Title | Oracle performance tuning 101; learn the essentials of oracle performance management |
| 260 ## - PUBLICATION, DISTRIBUTION, ETC. (IMPRINT) | |
| Date of publication, distribution, etc. | 2001 |
| Name of publisher, distributor, etc. | TMH |
| Place of publication, distribution, etc. | New Delhi |
| 300 ## - PHYSICAL DESCRIPTION | |
| Extent | xxiii+404 |
| 650 ## - SUBJECT ADDED ENTRY--TOPICAL TERM | |
| Topical term or geographic name as entry element | Oracle,performance,101;,learn,essentials,oracle,performance,management |
| 942 ## - ADDED ENTRY ELEMENTS (KOHA) | |
| Koha item type | Books |
| Date last seen | Total Checkouts | Full call number | Accession number | Old discount | Uniform Resource Identifier | Price effective from | Category | Lost status | Damaged status | Department | Withdrawn status | bill date | Permanent Location | Current Location | Shelving location | Entry date | Grants | Currency symbol | Conversion rate | Discount | Discount type |
|---|---|---|---|---|---|---|---|---|---|---|---|---|---|---|---|---|---|---|---|---|---|
| 26/01/2024 | 001.6424ORA VAI;1 | 56901 | digital/contents/56901.pdf | 26/01/2024 | Books | Central Library | 16/07/2013 | Central Library | Central Library | Central Library | 13/11/2009 | DONATED | RS | 1 | Rupees |
